000
00332nam a2200133Ia 4500
008
220216s9999 xx 000 0 und d
100
_a
Gunapala P Y Yasalath
245
0
_a
Modifier resins to improve rubber quality
260
_b
Rubber Asia
_c
1994
300
_a
49-60
650
_a
Resin
650
_a
Rubber quality
942
_c
JS
999
_c
63136
_d
63136